Statistics for Pokemon Evolutions

Click here to take the quiz!

General Stats

  • This quiz has been taken 77 times
  • The average score is 12 of 15

Answer Stats

First EvolutionSecond EvolutionThird Evolution% Correct
PichuPikachuRaichu
100%
CharmanderCharmeleonCharizard
97%
BulbasaurIvysaurVenusaur
95%
AbraKedabraAlakazam
92%
FroakieFrogadierGreninja
91%
TorchicCombuskenBlaziken
89%
TepigPigniteEmboar
82%
StarlyStaraviaStaraptor
82%
SnivyServineSerperior
80%
CyndaquilQuilavaTyphlosion
80%
PiplupPrinplupEmpoleon
77%
OshawottDewottSamurott
74%
FennekinBraixenDelphox
73%
PidoveTranquilUnfezant
67%
AxewFraxureHaxorus
62%

Score Distribution

Percentile by Number Answered

Percent of People with Each Score

Your Score History

You have not taken this quiz